| Tag |
First Indicator |
Second Indicator |
Subfields |
| LEADER |
00000cam a2200000 a 4500 |
| 001 |
in00000914713 |
| 005 |
20150924144219.0 |
| 008 |
890718s1990 maua b 00110 eng |
| 010 |
|
|
|a 89012921
|
| 020 |
|
|
|a 0262031531
|
| 035 |
|
|
|a (OCoLC)20131723
|
| 035 |
|
|
|9 AEP4140AM
|
| 040 |
|
|
|a DLC
|c DLC
|d TXA
|d UtOrBLW
|
| 043 |
|
|
|a n-us---
|
| 049 |
|
|
|a TXAM
|c [A13037089]
|
| 050 |
0 |
0 |
|a HJ2348.6
|b .C68 1990
|
| 082 |
0 |
0 |
|a 336.2
|2 20
|
| 100 |
1 |
|
|a Cowell, Frank A.
|q (Frank Alan)
|
| 245 |
1 |
0 |
|a Cheating the government :
|b the economics of evasion /
|c Frank A. Cowell.
|
| 264 |
|
1 |
|a Cambridge, Mass. :
|b MIT Press,
|c [1990]
|
| 264 |
|
4 |
|c ©1990
|
| 300 |
|
|
|a xii, 267 pages :
|b illustrations ;
|c 21 cm.
|
| 336 |
|
|
|a text
|b txt
|2 rdacontent
|
| 337 |
|
|
|a unmediated
|b n
|2 rdamedia
|
| 338 |
|
|
|a volume
|b nc
|2 rdacarrier
|
| 504 |
|
|
|a Includes bibliographical references (pages [233]-259).
|
| 500 |
|
|
|a Includes index.
|
| 650 |
|
0 |
|a Tax evasion
|z United States.
|
| 650 |
|
0 |
|a Informal sector (Economics)
|z United States.
|
| 999 |
|
|
|a MARS
|
| 999 |
f |
f |
|s 54c79e64-1535-39bb-bdd1-ce37995ef07f
|i 692cf8a0-921f-3acb-8d0f-b695bfe8d1ca
|t 0
|
| 952 |
f |
f |
|p ric
|a Texas A&M University
|b Rellis Campus
|c Joint Library Facility
|d Remote Storage
|t 0
|e HJ2348.6 .C68 1990
|h Library of Congress classification
|i unmediated -- volume
|m A14813037089
|
| 998 |
f |
f |
|a HJ2348.6 .C68 1990
|t 0
|l Remote Storage
|